[Event "Maria Teresa Mora Memorial IM3"]
[Site "Havana"]
[Date "2010.03.14"]
[Round "10"]
[White "Roca Rojas, Ana Flavia"]
[Black "Guerra Hernandez, Conrado Luis"]
[Result "1/2-1/2"]
[WhiteElo "1983"]
[BlackElo "2027"]
[PlyCount "42"]
[EventDate "2010.03.05"]
[EventType "tourn"]
[EventRounds "11"]
[EventCountry "CUB"]
[SourceTitle "EXT 2019"]
[Source "ChessBase"]
[SourceDate "2018.10.10"]
[SourceVersion "1"]
[SourceVersionDate "2018.10.10"]
[SourceQuality "1"]

1. e4 e5 2. Nf3 Nf6 3. Nxe5 d6 4. Nc4 Nxe4 5. Nc3 Nxc3 6. bxc3 d5 7. Ne3 Be6 8. d4 Bd6 9. Bd3 0-0 10. 0-0 Nd7 11. Bd2 Re8 12. Bf5 Bxf5 13. Nxf5 Qf6 14. Nxd6 Qxd6 15. Qf3 c6 16. Rfe1 Qf6 17. Qxf6 Nxf6 18. Rxe8+ Rxe8 19. Re1 Rxe1+ 20. Bxe1 h5 21. Kf1 a6 1/2-1/2

[Event "Maria Teresa Mora Memorial IM3"]
[Site "Havana"]
[Date "2010.03.08"]
[Round "4"]
[White "Guerra Hernandez, Conrado Luis"]
[Black "Perera Alfonso, Rene Humberto"]
[Result "1-0"]
[WhiteElo "2027"]
[BlackElo "2054"]
[PlyCount "84"]
[EventDate "2010.03.05"]
[EventType "tourn"]
[EventRounds "11"]
[EventCountry "CUB"]
[SourceTitle "EXT 2019"]
[Source "ChessBase"]
[SourceDate "2018.10.10"]
[SourceVersion "1"]
[SourceVersionDate "2018.10.10"]
[SourceQuality "1"]

1. e4 c5 2. Nf3 e6 3. d4 cxd4 4. Nxd4 Nc6 5. Nxc6 bxc6 6. c4 Bc5 7. Bd3 Ne7 8. 0-0 0-0 9. Qe2 f5 10. Be3 Bxe3 11. fxe3 fxe4 12. Rxf8+ Qxf8 13. Bxe4 Ba6 14. Nc3 Nf5 15. Bxf5 exf5 16. Qd2 Qe7 17. b3 Re8 18. Re1 Bb7 19. Rd1 Bc8 20. Re1 Kh8 21. Re2 Bb7 22. Rf2 Qxe3 23. Qxe3 Rxe3 24. Rxf5 g6 25. Rf8+ Kg7 26. Rd8 Rxc3 27. Rxd7+ Kh6 28. Rxb7 Rc1+ 29. Kf2 Rc2+ 30. Kf3 Rxa2 31. h4 Ra3 32. Kf4 Ra1 33. g4 Rf1+ 34. Ke5 Rb1 35. Kf6 Rf1+ 36. Ke6 a5 37. Kd6 Rf4 38. g5+ Kh5 39. Rxh7+ Kg4 40. Kxc6 a4 41. bxa4 Rxc4+ 42. Kb5 Rc1 1-0

[Event "Havana Province zt"]
[Site "Havana"]
[Date "2010.02.25"]
[Round "6"]
[White "Guerra Hernandez, Conrado Luis"]
[Black "Cardin Machado, David Gronet"]
[Result "1/2-1/2"]
[WhiteElo "2027"]
[BlackElo "2092"]
[PlyCount "31"]
[EventDate "2010.02.20"]
[EventType "swiss"]
[EventRounds "9"]
[EventCountry "CUB"]
[SourceTitle "EXT 2011"]
[Source "ChessBase"]
[SourceDate "2010.11.26"]
[SourceVersion "1"]
[SourceVersionDate "2010.11.26"]
[SourceQuality "1"]

1. e4 e5 2. Nf3 Nc6 3. Bb5 Nf6 4. d3 d6 5. h3 g6 6. 0-0 Bg7 7. Be3 0-0 8. Nc3 Bd7 9. Qd2 a6 10. Bxc6 Bxc6 11. Bh6 Re8 12. Bxg7 Kxg7 13. Rfe1 Nh5 14. Nh2 f5 15. f3 Nf4 16. Nf1 1/2-1/2

[Event "Havana Province zt"]
[Site "Havana"]
[Date "2010.02.25"]
[Round "7"]
[White "Pelaez Herrera, Ariel"]
[Black "Guerra Hernandez, Conrado Luis"]
[Result "1/2-1/2"]
[WhiteElo "2020"]
[BlackElo "2027"]
[PlyCount "45"]
[EventDate "2010.02.20"]
[EventType "swiss"]
[EventRounds "9"]
[EventCountry "CUB"]
[SourceTitle "EXT 2011"]
[Source "ChessBase"]
[SourceDate "2010.11.26"]
[SourceVersion "1"]
[SourceVersionDate "2010.11.26"]
[SourceQuality "1"]

1. d4 d5 2. Nf3 Nf6 3. e3 e6 4. Bd3 Bd6 5. 0-0 0-0 6. b3 b6 7. Bb2 Bb7 8. Nbd2 Nbd7 9. Ne5 Ne4 10. f4 f5 11. Bxe4 dxe4 12. Ndc4 Bxe5 13. Nxe5 Nxe5 14. dxe5 Qxd1 15. Raxd1 Rfd8 16. Bd4 Rd7 17. Rd2 Rad8 18. Rfd1 c5 19. Bc3 Rxd2 20. Rxd2 Rxd2 21. Bxd2 Ba6 22. Kf2 Kf7 23. Bc3 1/2-1/2

[Event "Havana del Este"]
[Site "Havana"]
[Date "2009.09.25"]
[Round "18"]
[White "Torres Hernandez, Juan Jose"]
[Black "Guerra Hernandez, Conrado Luis"]
[Result "0-1"]
[WhiteElo "2097"]
[BlackElo "2026"]
[PlyCount "38"]
[EventDate "2009.09.08"]
[EventType "tourn"]
[EventRounds "22"]
[EventCountry "CUB"]
[SourceTitle "EXT 2011"]
[Source "ChessBase"]
[SourceDate "2010.11.26"]
[SourceVersion "1"]
[SourceVersionDate "2010.11.26"]
[SourceQuality "1"]

1. d4 d5 2. c4 c6 3. Nf3 e6 4. Nc3 Nf6 5. Bg5 h6 6. Bh4 g5 7. Bg3 dxc4 8. e4 b5 9. a3 Bb7 10. h3 a6 11. Qc2 Qa5 12. Be5 Nbd7 13. Bxf6 Nxf6 14. e5 Nd5 15. Nd2 Nxc3 16. bxc3 c5 17. f3 cxd4 18. cxd4 Rd8 19. Qb2 c3 0-1

[Event "Havana del Este"]
[Site "Havana"]
[Date "2009.09.14"]
[Round "7"]
[White "Guerra Hernandez, Conrado Luis"]
[Black "Torres Hernandez, Juan Jose"]
[Result "1-0"]
[WhiteElo "2026"]
[BlackElo "2097"]
[PlyCount "47"]
[EventDate "2009.09.08"]
[EventType "tourn"]
[EventRounds "22"]
[EventCountry "CUB"]
[SourceTitle "EXT 2011"]
[Source "ChessBase"]
[SourceDate "2010.11.26"]
[SourceVersion "1"]
[SourceVersionDate "2010.11.26"]
[SourceQuality "1"]

1. e4 e5 2. Nf3 Nc6 3. Bc4 Nf6 4. Nc3 Bc5 5. 0-0 0-0 6. d3 d6 7. Be3 Bxe3 8. fxe3 Na5 9. Bb3 Nxb3 10. axb3 Bg4 11. Qe1 Qd7 12. Qh4 Bxf3 13. Rxf3 Qg4 14. Qf2 a6 15. Rf1 Qe6 16. Rf5 c6 17. Qh4 Nd7 18. Ne2 Rae8 19. Rh5 Nf6 20. Rhf5 Nd7 21. R5f3 b6 22. Ng3 a5 23. Nf5 f6 24. Rh3 1-0